000
00338nam a2200169Ia 4500
100
_a
Paulo/Coelho
650
_a
General
942
_c
BK
366
_f
20
654
_a
alchemist
245
_a
Alchemist
260
_b
Harper collins
_a
New Delhi
_c
2006
082
_a
910/PAU
_b
PAU
300
_a
177
546
_a
ENGLISH
999
_c
26720
_d
26720